000 01085nam a22002175i 4500
001 166510
003 ES-MaACL
005 20250814065330.0
008 010119s1897 sp |||| | spa d
100 1 _aTorres Campos, Rafael,
_d1853-1904
_9110935
245 1 3 _aLa geografía en 1897 (primer semestre) :
_bmemoria sobre el progreso de los trabajos geográficos : leída en la Junta general de la Sociedad Geográfica de Madrid el día 15 de junio de 1897 /
_cpor el secretario general de la misma, Rafael Torres Campos.
260 _aMadrid :
_b[ s.n.],
_c1897 (
_fEstab. Tip. de Fortanet)
300 _a50 p. ;
_c24 cm.
530 _aDisponible en formato digital.
594 _aDatos tomados de cub.
650 7 _aGeografía-
_zEspaña
_2
_9166984
710 2 _aSociedad Geográfica de Madrid.
_96775
852 _aES-MaACL
_jT-846-F-9
_z-- Enc. hol., conservando la cub. original
_z-- Enc. en un vol. facticio
856 _uhttp://invenio.fundacionginer.org/pdf/3890.pdf
_zRepositorio Digital de la Fundación Francisco Giner de los Ríos
999 _c166510
_d166510